[Event "HSG/BUE-ch"]
[Site "Hamburg"]
[Date "2003.12.12"]
[Round "18"]
[White "Eusch, Johann"]
[Black "Prior, Alex"]
[Result "1/2-1/2"]
[WhiteElo "1583"]
[BlackElo "1582"]
[PlyCount "122"]
[EventDate "2003.07.04"]
[EventType "swiss"]
[EventRounds "18"]
[EventCountry "GER"]
[SourceTitle "EXT 2009"]
[Source "ChessBase"]
[SourceDate "2008.11.26"]
[SourceVersion "1"]
[SourceVersionDate "2008.11.26"]
[SourceQuality "1"]

1. d4 Nf6 2. g3 d5 3. Bg2 c6 4. Nf3 Bg4 5. Nbd2 Qc8 6. 0-0 Bh3 7. a3 Bxg2 8. Kxg2 a5 9. b3 b6 10. Bb2 e6 11. c4 Be7 12. cxd5 exd5 13. Rc1 0-0 14. Rc2 Qb7 15. e3 Nbd7 16. Re1 Rfe8 17. Kg1 Bf8 18. Qc1 Rac8 19. Qd1 Ne4 20. Nxe4 Rxe4 21. Nd2 Re6 22. Nf3 f6 23. Qd3 Rce8 24. Rec1 Nb8 25. Nd2 Qf7 26. Nf3 Qg6 27. Qxg6 hxg6 28. Ne1 Kf7 29. Nd3 g5 30. b4 a4 31. Bc3 b5 32. Nc5 Bxc5 33. bxc5 g4 34. Kg2 f5 35. h3 gxh3+ 36. Kxh3 Rh8+ 37. Kg2 Reh6 38. Kf3 g5 39. Rf1 Nd7 40. Ba5 Nf6 41. Bc7 g4+ 42. Ke2 Ne4 43. Kd3 Rh1 44. Rxh1 Rxh1 45. Ke2 Ra1 46. f3 gxf3+ 47. Kxf3 Rxa3 48. Ba5 Ra1 49. g4 Rf1+ 50. Kg2 Rb1 51. gxf5 b4 52. Bxb4 Rxb4 53. Ra2 Nc3 54. Ra1 Nb1 55. Kg3 a3 56. Kf4 Ra4 57. Rxb1 a2 58. Ra1 Kf6 59. Kg4 Ra3 60. Kf4 Ra4 61. Kg4 Ra3 1/2-1/2

[Event "HSG/BUE-ch"]
[Site "Hamburg"]
[Date "2003.09.19"]
[Round "10"]
[White "Michaelsen, Gerhard"]
[Black "Prior, Alex"]
[Result "0-1"]
[WhiteElo "1424"]
[BlackElo "1564"]
[PlyCount "66"]
[EventDate "2003.07.04"]
[EventType "swiss"]
[EventRounds "18"]
[EventCountry "GER"]
[SourceTitle "EXT 2009"]
[Source "ChessBase"]
[SourceDate "2008.11.26"]
[SourceVersion "1"]
[SourceVersionDate "2008.11.26"]
[SourceQuality "1"]

1. e4 c5 2. Nf3 Nc6 3. Nc3 d6 4. d4 cxd4 5. Nxd4 e5 6. Nb3 Nf6 7. Bg5 Be7 8. Be2 0-0 9. Qd2 a6 10. 0-0 Be6 11. Bxf6 Bxf6 12. Rfd1 Be7 13. f4 exf4 14. Qxf4 Ne5 15. Nd2 Qb6+ 16. Kh1 Qxb2 17. Nd5 Bxd5 18. exd5 Qb6 19. Rab1 Qc7 20. Rdc1 b5 21. Nb3 Ng6 22. Qd2 Bf6 23. c4 Qe7 24. Rc2 bxc4 25. Na5 Ne5 26. Rb7 Qd8 27. Bxc4 Nxc4 28. Rxc4 Bg5 29. Qb4 Qf6 30. Qb1 Rfe8 31. h4 Bxh4 32. Rc1 Qh6 33. Kg1 Bg3 0-1

[Event "HSG/BUE-ch"]
[Site "Hamburg"]
[Date "2003.08.08"]
[Round "5"]
[White "Prior, Alex"]
[Black "Eusch, Johann"]
[Result "0-1"]
[WhiteElo "1564"]
[BlackElo "1589"]
[PlyCount "38"]
[EventDate "2003.07.04"]
[EventType "swiss"]
[EventRounds "18"]
[EventCountry "GER"]
[SourceTitle "EXT 2009"]
[Source "ChessBase"]
[SourceDate "2008.11.26"]
[SourceVersion "1"]
[SourceVersionDate "2008.11.26"]
[SourceQuality "1"]

1. e4 c5 2. Nf3 Nc6 3. d4 cxd4 4. Nxd4 e5 5. Nb5 d6 6. c4 a6 7. N5c3 Nf6 8. f3 Be7 9. Be2 Nd4 10. 0-0 Nxe2+ 11. Qxe2 0-0 12. Nd5 Nxd5 13. cxd5 Bd7 14. Qf2 f5 15. Qe1 Rc8 16. b3 fxe4 17. fxe4 Rxf1+ 18. Qxf1 Qb6+ 19. Kh1 Qd4 0-1